000
00286nam a2200109Ia 4500
008
201210s9999 xx 000 0 und d
100
_a
Harvard Business Review
245
0
_a
Management Information Part I.
260
_a
Boston
_b
Harvard Business School Press
300
_a
184
942
_c
BK
999
_c
5480
_d
5480